La theorie du roman

Guardat en:
Dades bibliogràfiques
Autor principal: LUKACS, Georges
Format: Llibre
Idioma:anglès
Publicat: Gonthier 1963
Etiquetes: Afegir etiqueta
Sense etiquetes, Sigues el primer a etiquetar aquest registre!

MARC

LEADER 00000nam a2200000 4500
008 201222b ||||| |||| 00| 0 eng d
100 |a LUKACS, Georges 
245 |a La theorie du roman  |c Georges Lukacs 
260 |b Gonthier  |c 1963  |h Paris  |i 64361  |l PQ631 .L96  
942 |a lcc  |c BK  |e ADEYEYE Y. S.  |f 22/12/2020 
952 |0 0  |1 0  |2 lcc  |4 0  |6 PQ0631 L96  |7 0  |9 1150  |a HOL  |b HOL  |c LP  |d 2020-12-22  |l 0  |o PQ631 .L96   |p 2020-230357  |r 2020-12-22 00:00:00  |w 2020-12-22  |y BK 
999 |c 600  |d 600